Tuổi vị thành niên, tình yêu và giới tính

שמור ב:
מידע ביבליוגרפי
מחבר ראשי: Sloain Mimoun
פורמט: ספר
שפה:Undetermined
יצא לאור: H. Phụ Nữ 2003
נושאים:
תגים: הוספת תג
אין תגיות, היה/י הראשונ/ה לתייג את הרשומה!
Thư viện lưu trữ: Trung tâm Học liệu Trường Đại học Cần Thơ
LEADER 00647nam a2200217Ia 4500
001 CTU_58372
008 210402s9999 xx 000 0 und d
020 |b 20000 
082 |a 613.951 
082 |b M663 
100 |a Sloain Mimoun 
245 0 |a Tuổi vị thành niên, tình yêu và giới tính 
245 0 |c Sloain Mimoun và Rica Etienne; Phan Kế Cường biên dịch 
260 |a H. 
260 |b Phụ Nữ 
260 |c 2003 
650 |a sex instruction,sex hygiene,youth 
650 |x education 
904 |i Minh 
910 |a Mất M.028660 
980 |a Trung tâm Học liệu Trường Đại học Cần Thơ